00505nam a2200169Ia 450000500170000000800410001708200130005824500360007126000480010730000130015565000140016865000160018270000210019894200060021995200950022599900150032020240806030528.0240331s9999 xx 000 0 und d bADUa374 0aAdult education and development aGermanyb Adult Education Associationc1990 a408 p ., aEducation aDevelopment aHinzen, H. eedt cL 001040708LaWERCLbWERCLcSSCd2024-03-31l0o 374 ADUp2042r2024-03-31w2024-03-31yL c2933d2933